Mission: Impossible Movies by Stunt - Statistics

General Stats
  • This quiz has been taken 175 times
  • The average score is 7 of 8
Answer Stats
Picture Answer % Correct
Mission: Impossible
97%
Mission: Impossible - Dead Reckoning
96%
Mission: Impossible - Fallout
96%
Mission: Impossible II
94%
Mission: Impossible - The Final Reckoning
94%
Mission: Impossible - Ghost Protocol
93%
Mission: Impossible - Rogue Nation
91%
Mission: Impossible III
90%
No matching quizzes found
Score Distribution
Percent of People with Each Score
Percentile by Number Answered
Your Score History
You have not taken this quiz